World Landmarks Under Construction Quiz Stats

 Plays Quiz Updated Nov 18, 2015

Challenge
Share
Tweet
Score 0/25 Timer 07:00
0 Plays Today
% Correct
Great Wall of China (China)
98.2%
Golden Gate Bridge (United States)
97.1%
Eiffel Tower (France)
95.5%
Mount Rushmore (United States)
93.9%
Empire State Building (United States)
89.1%
Hollywood Sign (United States)
87%
Sydney Opera House (Australia)
86.1%
Hoover Dam (United States)
80.9%
Colosseum (Italy)
76.8%
Statue of Liberty (United States)
74%
Disneyland (United States)
70.9%
Christ the Redeemer (Brazil)
70.8%
Tower Bridge (United Kingdom)
67.4%
% Correct
Gateway Arch (United States)
64.8%
Space Needle (United States)
63.6%
United States Capitol (United States)
62.7%
Washington Monument (United States)
62.5%
Beijing National Stadium (China)
56.2%
Lincoln Memorial (United States)
53.4%
Petronas Towers (Malaysia)
46.2%
CN Tower (Canada)
44.2%
Burj Khalifa (United Arab Emirates)
35.2%
Sagrada Família (Spain)
34.3%
Neuschwanstein Castle (Germany)
25.7%
Atomium (Belgium)
17.3%

You're not logged in!

Compare scores with friends on all Sporcle quizzes.
OR
Log In

You Might Also Like...

Show Comments

Extras

Top Quizzes Today


Score Distribution

Your Account Isn't Verified!

In order to create a playlist on Sporcle, you need to verify the email address you used during registration. Go to your Sporcle Settings to finish the process.

Report this User

Report this user for behavior that violates our Community Guidelines.

Details: